[Event "Andalucia-chT Honor Oriental"]
[Site "Andalucia"]
[Date "2018.11.18"]
[Round "7.33"]
[White "Torres Moreno, Juan"]
[Black "Ramos Moreno, Francisco Jose"]
[Result "0-1"]
[WhiteElo "2145"]
[BlackElo "2095"]
[PlyCount "96"]
[EventDate "2018.09.30"]
[EventType "team-tourn"]
[EventRounds "7"]
[EventCountry "ESP"]
[SourceTitle "EXT 2020"]
[Source "ChessBase"]
[SourceDate "2019.10.17"]
[SourceVersion "1"]
[SourceVersionDate "2019.10.17"]
[SourceQuality "1"]
[WhiteTeam "Cruz Roja Santa Juana"]
[BlackTeam "Miraflores Smartick"]
[WhiteTeamCountry "ESP"]
[BlackTeamCountry "ESP"]

1. d4 d5 2. c4 e6 3. Nc3 c5 4. e3 Nf6 5. Nf3 a6 6. dxc5 Bxc5 7. a3 dxc4 8. Qxd8+ Kxd8 9. Bxc4 b5 10. Be2 Bb7 11. 0-0 Nc6 12. b4 Bd6 13. Bb2 Ke7 14. Rfd1 Rhd8 15. h3 Rac8 16. Rac1 Rd7 17. Rd2 Rcd8 18. Rcd1 Bc7 19. Rxd7+ Rxd7 20. Rxd7+ Nxd7 21. Ne1 f6 22. Nc2 Nb6 23. Bf3 Nc4 24. Bc1 Nd8 25. Bxb7 Nxb7 26. Kf1 Be5 27. Nd4 Kd6 28. Ke2 f5 29. Kd3 Bxd4 30. exd4 Kc6 31. a4 Nbd6 32. axb5+ axb5 33. Bf4 Nc8 34. g4 g6 35. f3 N8b6 36. Bg5 Nd5 37. Nxd5 Kxd5 38. Bf4 Nb2+ 39. Kc2 Nc4 40. Kd3 e5 41. dxe5 Nxe5+ 42. Ke3 Nc6 43. gxf5 gxf5 44. Kd3 Nxb4+ 45. Kc3 Nc6 46. Bc7 Nd4 47. f4 Ke4 48. Kd2 Ne6 0-1

[Event "Almeria Indalo op"]
[Site "Almeria"]
[Date "2015.03.01"]
[Round "6"]
[White "Torres Moreno, Juan"]
[Black "Ortiz Aviles, Javier"]
[Result "0-1"]
[WhiteElo "2152"]
[BlackElo "2061"]
[PlyCount "132"]
[EventDate "2015.02.27"]
[EventType "swiss"]
[EventRounds "7"]
[EventCountry "ESP"]
[SourceTitle "CBM 165 Extra"]
[Source "ChessBase"]
[SourceDate "2015.04.21"]
[SourceVersion "1"]
[SourceVersionDate "2015.04.21"]
[SourceQuality "1"]

1. d4 d5 2. c4 c6 3. Nf3 Nf6 4. Nc3 a6 5. e3 b5 6. c5 Nbd7 7. Be2 Qc7 8. a3 a5 9. 0-0 g6 10. e4 Nxe4 11. Nxe4 dxe4 12. Ng5 Bg7 13. Nxe4 0-0 14. Bg5 Nf6 15. Bxf6 Bxf6 16. Nxf6+ exf6 17. d5 cxd5 18. Qxd5 Bb7 19. Qd6 Qxd6 20. cxd6 Bc6 21. Rac1 Ra6 22. Rc5 Rb6 23. Rfc1 Bd7 24. Rd1 Rd8 25. h3 f5 26. Rdd5 Bc6 27. Rd4 Kg7 28. Bf3 Bxf3 29. gxf3 a4 30. d7 Rb7 31. Rdd5 Rbxd7 32. Rxd7 Rxd7 33. Rxb5 Rd1+ 34. Kg2 Rb1 35. Rb4 f4 36. Rxa4 Rxb2 37. Rxf4 Ra2 38. a4 h5 39. Rb4 Ra1 40. Kg3 Ra2 41. f4 Kf6 42. h4 Ra3+ 43. f3 Ra2 44. Rb6+ Kf5 45. Rb5+ Kf6 46. a5 Ke6 47. f5+ gxf5 48. Kf4 f6 49. Rb6+ Kf7 50. a6 Kg6 51. Ke3 Ra3+ 52. Kd4 Rxf3 53. Kc5 Ra3 54. Kc6 f4 55. Kb7 f3 56. a7 f2 57. Rb1 Kf5 58. a8Q Rxa8 59. Kxa8 Kg4 60. Kb7 Kg3 61. Kc6 Kxh4 62. Kd5 Kg3 63. Ke4 Kg2 64. Kf4 f1Q+ 65. Rxf1 Kxf1 66. Kg3 f5 0-1

[Event "Almeria Indalo op"]
[Site "Almeria"]
[Date "2015.02.27"]
[Round "1"]
[White "Perez Beltran, Salvador"]
[Black "Torres Moreno, Juan"]
[Result "0-1"]
[WhiteElo "1510"]
[BlackElo "2152"]
[PlyCount "124"]
[EventDate "2015.02.27"]
[EventType "swiss"]
[EventRounds "7"]
[EventCountry "ESP"]
[SourceTitle "CBM 165 Extra"]
[Source "ChessBase"]
[SourceDate "2015.04.21"]
[SourceVersion "1"]
[SourceVersionDate "2015.04.21"]
[SourceQuality "1"]

1. d4 Nf6 2. c4 g6 3. Nc3 d5 4. e3 Bg7 5. Nf3 0-0 6. Be2 dxc4 7. Bxc4 c5 8. 0-0 a6 9. a4 Qc7 10. Be2 Rd8 11. h3 Nc6 12. d5 Bf5 13. Nh4 Nb4 14. Nxf5 gxf5 15. Qb3 Nbxd5 16. Nxd5 Nxd5 17. Rd1 e6 18. Bd2 Rd6 19. a5 Rad8 20. Be1 Nf6 21. Bc3 Ne4 22. Bxg7 Kxg7 23. Bf3 Rxd1+ 24. Rxd1 c4 25. Qc2 Rxd1+ 26. Qxd1 Qxa5 27. Bxe4 fxe4 28. Qd4+ Kg8 29. Qf6 Qd5 30. Qf4 a5 31. Qg3+ Kf8 32. Qb8+ Kg7 33. Qg3+ Kf6 34. Qh4+ Kg6 35. Qg4+ Kf6 36. Qh4+ Kg7 37. Qg3+ Kf8 38. Qb8+ Ke7 39. Qc7+ Kf6 40. Qf4+ Qf5 41. Qh4+ Ke5 42. f4+ Kd6 43. Qd8+ Kc6 44. Qc8+ Kb6 45. Qxc4 Qd5 46. Qc2 Qd3 47. Qf2 Kc5 48. Qe1 b5 49. Kh2 b4 50. Qc1+ Kb5 51. Kg3 a4 52. Kf2 a3 53. bxa3 Qxa3 54. Qc7 Qd3 55. Qb7+ Kc4 56. Qc6+ Kb3 57. Qb6 Kc3 58. Qc5+ Qc4 59. Qe5+ Kc2 60. Qa1 b3 61. Qe1 Qc3 62. Qf1 b2 0-1

[Event "ESP-chT Gp1"]
[Site "Burguillos"]
[Date "2008.08.14"]
[Round "2"]
[White "Torres Moreno, Juan"]
[Black "Martinez Martin, David"]
[Result "1/2-1/2"]
[WhiteElo "2138"]
[BlackElo "2415"]
[PlyCount "48"]
[EventDate "2008.08.13"]
[EventType "team"]
[EventRounds "6"]
[EventCountry "ESP"]
[SourceTitle "CBM 126 Extra"]
[Source "ChessBase"]
[SourceDate "2008.11.05"]
[SourceVersion "1"]
[SourceVersionDate "2008.11.05"]
[SourceQuality "1"]

1. d4 Nf6 2. Nf3 g6 3. Nc3 d5 4. Bf4 Bg7 5. e3 0-0 6. Ne5 Nc6 7. Be2 Nd7 8. Nxd7 Qxd7 9. Bf3 e6 10. h4 Ne7 11. h5 c6 12. g4 f6 13. hxg6 Nxg6 14. Bh6 e5 15. Qd2 e4 16. Be2 f5 17. gxf5 Qxf5 18. 0-0-0 Qxf2 19. Bxg7 Kxg7 20. Rdg1 Be6 21. Nd1 Qf6 22. Bh5 Bf5 23. Qh2 Kh8 24. Nf2 Qg7 1/2-1/2

[Event "Jaen-ch"]
[Site "Linares"]
[Date "1997.??.??"]
[Round "6"]
[White "Torres Moreno, Juan"]
[Black "Martos Exposito, Manuel"]
[Result "1-0"]
[WhiteElo "2110"]
[BlackElo "2135"]
[PlyCount "65"]
[EventDate "1997.12.??"]
[EventType "swiss"]
[EventRounds "7"]
[EventCountry "ESP"]
[SourceTitle "EXT 2000"]
[Source "ChessBase"]
[SourceDate "1999.11.16"]
[SourceVersion "1"]
[SourceVersionDate "1999.11.16"]
[SourceQuality "1"]

1. e4 c5 2. Nf3 d6 3. d4 cxd4 4. Qxd4 a6 5. Be3 Nc6 6. Qd2 g6 7. c4 Bg7 8. Nc3 Nf6 9. h3 Bd7 10. Rc1 0-0 11. Be2 Rc8 12. 0-0 Na5 13. b3 b5 14. e5 dxe5 15. cxb5 e4 16. Ne5 axb5 17. Nxd7 Nxd7 18. Bxb5 Nc5 19. Nd5 Nab7 20. b4 e6 21. Nf4 Qxd2 22. Bxd2 Nd3 23. Nxd3 Rcd8 24. Bg5 f6 25. Nf4 fxg5 26. Nxe6 Nd6 27. Nxd8 Nxb5 28. Ne6 Bb2 29. Nxf8 Kxf8 30. Rc8+ Ke7 31. Rb8 Nd4 32. Re1 Nc6 33. Rxe4+ 1-0